| 000 | 00900nmc a2200313 a 4500 | ||
|---|---|---|---|
| 003 | AR-BaBNM | ||
| 005 | 20251128204528.0 | ||
| 008 | 011101s1993 ||||||||||||||000 | spa|| | ||
| 020 | _a950-16-3061-7 | ||
| 040 | _cAR-BaBNM | ||
| 100 | 1 | _aGalagovsky Kurman, Lydia R. | |
| 245 | 1 | 0 |
_aHacia un nuevo rol docente _buna propuesta diferente para el trabajo en el aula |
| 260 |
_aBuenos Aires _bTroquel _c1993 |
||
| 300 |
_a128 p. _bil., gráfs., tablas |
||
| 490 | 0 | _aTroquel Educación | |
| 650 | 4 | _aMETODOS DE ENSENANZA | |
| 650 | 4 | _aTEORIAS DEL APRENDIZAJE | |
| 650 | 4 | _aPROCESO DE APRENDIZAJE | |
| 650 | 4 | _aTALLERES ESCOLARES | |
| 650 | 4 | _aPROCESO COGNOSCITIVO | |
| 650 | 4 | _aDISCUSION EN GRUPO | |
| 650 | 4 | _aTECNICAS DE ENSENANZA | |
| 650 | 4 | _aAUTOEVALUACION | |
| 650 | 4 | _aEVALUACION | |
| 650 | 4 | _aROL DEL DOCENTE | |
| 650 | 4 | _aGUIAS DE ESTUDIOS | |
| 942 | _cBK | ||
| 998 | _cGrace | ||
| 999 |
_c7790 _d7790 |
||